000 01632cam a2200361 i 4500
999 _c1405
_d1405
001 20085529
003 OSt
005 20221229112028.0
008 171020s2018 onca j b 001 0 eng
010 _a 2017042528
020 _a9780778736660 (pbk. : alk. paper)
040 _aDLC
_beng
_cDLC
_erda
_dDLC
042 _apcc
082 0 0 _a649.55 JON
_223
100 1 _aJohnson, Robin
_q(Robin R.),
_eauthor.
245 1 0 _aToys and games in different places /
_cRobin Johnson.
264 1 _aSt. Catharines, Ontario ;
_aNew York, New York :
_bCrabtree Publishing,
_c2018.
300 _a24 pages :
_billustrations ;
_c25 cm.
336 _atext
_btxt
_2rdacontent
337 _aunmediated
_bn
_2rdamedia
338 _avolume
_bnc
_2rdacarrier
490 0 _aLearning about our global community
504 _aIncludes bibliographical references (page 23) and index.
505 0 _aOur global community -- Toy story -- Community center -- Culture club -- Toy traditions -- Play smart -- Top of their game -- Outdoor games -- Helping hands -- Notes to educators -- Learning more -- Glossary and index.
521 1 _aAge 5-8.
521 2 _aK to grade 3.
650 0 _aToys
_vJuvenile literature.
650 0 _aGames
_vJuvenile literature.
776 0 8 _iOnline version:
_aJohnson, Robin (Robin R.), author.
_tToys and games in different places
_dSt. Catharines, Ontario ; New York, New York : Crabtree Publishing, 2018
_z9781427119681
_w(DLC) 2017050863
906 _a7
_bcbc
_corignew
_d1
_eecip
_f20
_gy-gencatlg
942 _2ddc
_cNFIC